Soluciones prácticas para el ingeniero químico: manual de soluciones rápidas y exactas para los problemas cotidianos en la ingeniería de procesos
Salvato in:
| Autore principale: | |
|---|---|
| Natura: | Libro |
| Lingua: | spagnolo |
| Pubblicazione: |
Ciudad de México
McGraw Hill
2000
|
| Serie: | Manuales Prácticos
|
| Soggetti: | |
| Tags: |
Aggiungi Tag
Nessun Tag, puoi essere il primo ad aggiungerne!!
|
MARC
| LEADER | 00000nam a2200000 a 4500 | ||
|---|---|---|---|
| 001 | UCM5281 | ||
| 003 | CL-VaPUC | ||
| 008 | 021003e20000000MX |||||||||||||||||spa|d | ||
| 082 | 0 | 4 | |a 621 |b BRA |2 21 |
| 100 | 0 | |a Branan, Carl R |e author |9 471515 | |
| 245 | 1 | 0 | |a Soluciones prácticas para el ingeniero químico: manual de soluciones rápidas y exactas para los problemas cotidianos en la ingeniería de procesos |
| 300 | |a 418 p | ||
| 942 | |c BK | ||
| 945 | |d 20021003 00:00:00 |a vberengu | ||
| 260 | |a Ciudad de México |b McGraw Hill |c 2000 | ||
| 650 | 0 | |a Propiedades de los fluidos |9 426534 | |
| 650 | 0 | |a Máquinas herramientas |9 262583 | |
| 650 | 0 | |a Transferencia de calor |9 336631 | |
| 650 | 7 | |a INGENIERIA DE PROCESOS |2 CL-VaPUC |9 471516 | |
| 583 | |a last modification |c 20121001 01:03:36 |k Rodrigo Vera | ||
| 490 | 0 | |a Manuales Prácticos | |
| 999 | |c 301419 |d 301417 | ||
| 952 | |0 0 |1 0 |4 0 |6 621_000000000000000_BRA_2000 |7 0 |8 A |9 360340 |a BIBING |b BIBING |d 2019-11-21 |i 3842347 |o 621 BRA 2000 |p 3842347 |r 2025-01-20 |w 2019-11-21 |y BK |k EIQ | ||